Central Library OPAC University of Rajshahi

উদ্ভিদ পরিবেশ বিজ্ঞান / (Record no. 74051)

MARC details
000 -LEADER
fixed length control field 00894nam a2200241 a 4500
001 - CONTROL NUMBER
control field 74051
003 - CONTROL NUMBER IDENTIFIER
rucl marc code BD-RjUL
005 - DATE AND TIME OF LATEST TRANSACTION
control field 20211209082501.0
008 - FIXED-LENGTH DATA ELEMENTS--GENERAL INFORMATION
fixed length control field 180206s2013 bg a|||| b||| 000 0 ben d
020 ## - INTERNATIONAL STANDARD BOOK NUMBER
International Standard Book Number 9847010504842
Terms of availability Tk. 160.00
035 ## - SYSTEM CONTROL NUMBER
System control number (BD-RjUL)74269
040 ## - CATALOGING SOURCE
Original cataloging agency BD-RjUL
Language of cataloging eng
Transcribing agency BD-RjUL
041 ## - LANGUAGE CODE
Language code of text/sound track or separate title ben
082 ## - DEWEY DECIMAL CLASSIFICATION NUMBER
Edition number 23
Classification number 581.7
Author mark and year RAU 2013
100 ## - MAIN ENTRY--PERSONAL NAME
Personal name হাসান তারীক রানা,
9 (RLIN) 220067
245 10 - TITLE STATEMENT
Title উদ্ভিদ পরিবেশ বিজ্ঞান /
Statement of responsibility, etc. রানা, হাসান তারীক
260 ## - PUBLICATION, DISTRIBUTION, ETC. (IMPRINT)
Place of publication, distribution, etc. ঢাকা :
Name of publisher, distributor, etc. অনন্যা ,
Date of publication, distribution, etc. ২০১৩
300 ## - PHYSICAL DESCRIPTION
Pagination ১২৭ পৃ. :
Illustrations ছবি ;
Size ২২ সেমি.
504 ## - BIBLIOGRAPHY, ETC. NOTE
Bibliography, etc বিবলিওগ্রাফী সম্বলিত
650 ## - SUBJECT ADDED ENTRY--TOPICAL TERM
Topical term or geographic name as entry element উদ্ভিদ পরিবেশ বিদ্যা
9 (RLIN) 220068
Topical term or geographic name as entry element plant Ecology
9 (RLIN) 220069
942 ## - ADDED ENTRY ELEMENTS (KOHA)
Source of classification or shelving scheme Dewey Decimal Classification
Koha item type Books
Holdings
Lost status Source of classification or shelving scheme Damaged status Not for loan Collection code Permanent Location Current Location Shelving location Date acquired Source of acquisition Cost, normal purchase price Total Checkouts Full call number Date last seen Copy number Koha item type Date checked out
  Dewey Decimal Classification   Not For Loan Non-fiction Central Library, University of Rajshahi Central Library, University of Rajshahi Reading Room 29/05/2017 Author 160.00   B 581.7 RAU 2013 06/02/2018 C-1 Books  
  Dewey Decimal Classification     Non-fiction Central Library, University of Rajshahi Central Library, University of Rajshahi   29/05/2017 Author 160.00 2 B 581.7 RAU 2013 23/12/2018 C-2 Books 10/12/2018
  Dewey Decimal Classification     Non-fiction Central Library, University of Rajshahi Central Library, University of Rajshahi   29/05/2017 Author 160.00   B 581.7 RAU 2013 06/02/2018 C-3 Books  
  Dewey Decimal Classification     Non-fiction Central Library, University of Rajshahi Central Library, University of Rajshahi   29/05/2017 Author 160.00   B 581.7 RAU 2013 06/02/2018 C-4 Books  
  Dewey Decimal Classification     Non-fiction Central Library, University of Rajshahi Central Library, University of Rajshahi   29/05/2017 Author 160.00   B 581.7 RAU 2013 06/02/2018 C-5 Books